| 000 | 01177nam0a2200325 4500 | ||
|---|---|---|---|
| 001 | RU\NLR\BIBL_A\011216221 | ||
| 005 | 20160927102736.0 | ||
| 010 |
_a978-5-699-67809-9 _920000 |
||
| 021 |
_aRU _b2016-67532 _94335 |
||
| 035 | _a(NLR Aleph) 011216221 | ||
| 090 |
_a11998235 _c11998235 |
||
| 100 | _a20160920d2016 d y0rusy50 ca | ||
| 101 | 0 | _arus | |
| 102 | _aRU | ||
| 105 | _aa z|||000fy | ||
| 200 | 1 |
_aВолшебные краски _e[для младшего школьного возраста] _fЕвгений Пермяк _gил. Игоря Панкова |
|
| 210 |
_aМосква _c#Эксмодетство _cЭксмо _d2016 |
||
| 215 |
_a133, [2] с. _cцв. ил. _d22 |
||
| 225 | 1 | _aКниги - мои друзья | |
| 225 | 1 | _aДружим с детства! | |
| 333 | _a0+ | ||
| 686 | 0 | _aШ9(2)60=Р7-2 | |
| 700 | 1 |
_aПермяк _bЕ. А. _f1902-1982 _gЕвгений Андреевич _3RU\NLR\AUTH\7727461 |
|
| 702 | 1 |
_aПанков _bИ. Г. _cхудожник _gИгорь Г. _3RU\NLR\AUTH\7775966 _4040 |
|
| 942 | _cBOOK | ||
| 980 | _aNBR | ||
| 980 | _aNB | ||